Sea and Sardinia (Record no. 1526)

MARC details
000 -LEADER
fixed length control field 00318nam a2200121 4500
082 ## - DEWEY DECIMAL CLASSIFICATION NUMBER
Classification number 823.912
Item number LAW
041 ## - LANGUAGE CODE
Language code of text/sound track or separate title eng
100 ## - MAIN ENTRY--PERSONAL NAME
Personal name Lawrence, David Herbert
245 ## - TITLE STATEMENT
Title Sea and Sardinia
Statement of responsibility, etc. David Herbert Lawrence
260 ## - PUBLICATION, DISTRIBUTION, ETC.
Place of publication, distribution, etc. Harmondsworth
Name of publisher, distributor, etc. Penguin Books
Date of publication, distribution, etc. 1944
300 ## - PHYSICAL DESCRIPTION
Extent 212p.; 18cm.-
490 ## - SERIES STATEMENT
Series statement Penguin books; no.465
Holdings
Withdrawn status Lost status Damaged status Not for loan Collection code Home library Current library Date acquired Total Checkouts Full call number Barcode Date last seen Price effective from Koha item type
        ENGLISH North Eastern Hill University North Eastern Hill University 18/11/2011   823.912 LAW A1039 18/11/2011 18/11/2011 Books